<?xml version="1.0" encoding="UTF-8"?>
<record
    xmlns:xsi="http://www.w3.org/2001/XMLSchema-instance"
    xsi:schemaLocation="http://www.loc.gov/MARC21/slim http://www.loc.gov/standards/marcxml/schema/MARC21slim.xsd"
    xmlns="http://www.loc.gov/MARC21/slim">

  <leader>01918cam a22003255a 4500</leader>
  <controlfield tag="001">17834005</controlfield>
  <controlfield tag="005">20161102112613.0</controlfield>
  <controlfield tag="008">130801s2014    nyuab  frb    001 0 eng d</controlfield>
  <datafield tag="010" ind1=" " ind2=" ">
    <subfield code="a">  2013030691</subfield>
  </datafield>
  <datafield tag="020" ind1=" " ind2=" ">
    <subfield code="a">0199965625</subfield>
  </datafield>
  <datafield tag="020" ind1=" " ind2=" ">
    <subfield code="a">9780199965625</subfield>
  </datafield>
  <datafield tag="040" ind1=" " ind2=" ">
    <subfield code="a">DLC</subfield>
    <subfield code="b">eng</subfield>
    <subfield code="c">DLC</subfield>
    <subfield code="d">DLC</subfield>
    <subfield code="d">EG-ScBUE</subfield>
  </datafield>
  <datafield tag="042" ind1=" " ind2=" ">
    <subfield code="a">pcc</subfield>
  </datafield>
  <datafield tag="082" ind1="0" ind2="4">
    <subfield code="2">22</subfield>
    <subfield code="a">327</subfield>
    <subfield code="b">WOR</subfield>
  </datafield>
  <datafield tag="245" ind1="0" ind2="0">
    <subfield code="a">World politics in a new era /</subfield>
    <subfield code="c">Steven L. Spiegel ... [et al.]. </subfield>
  </datafield>
  <datafield tag="250" ind1=" " ind2=" ">
    <subfield code="a">6th ed.</subfield>
  </datafield>
  <datafield tag="260" ind1=" " ind2=" ">
    <subfield code="a">Oxford :</subfield>
    <subfield code="b">Oxford University Press,</subfield>
    <subfield code="c">2015.</subfield>
  </datafield>
  <datafield tag="300" ind1=" " ind2=" ">
    <subfield code="a">xxviii, 564 p. :</subfield>
    <subfield code="b">ill., col. maps ;</subfield>
    <subfield code="c">23 cm.</subfield>
  </datafield>
  <datafield tag="500" ind1=" " ind2=" ">
    <subfield code="a">Index : p. 546-564.</subfield>
  </datafield>
  <datafield tag="504" ind1=" " ind2=" ">
    <subfield code="a">Bibliography : p. 502-512.</subfield>
  </datafield>
  <datafield tag="505" ind1=" " ind2=" ">
    <subfield code="a">Maps ; Special Features ; Preface ; pt. 1. FOUNDATIONS OF WORLD POLITICS: CHAPTER 1: World Politics: complexity and competing processes -- CHAPTER 2: Theory and World Politics -- CHAPTER 3: World Politics and Economics: 1648-1945 -- CHAPTER 4: World Politics and Economics: The Cold War -- CHAPTER 5: Imperialism and Its Survivors -- CHAPTER 6: Globalization and Fragmentation in a New World Order: 1991 to the Present -- pt. 2. THE MAJOR ISSUES IN WORLD POLITICS: CHAPTER 7: Security Theory in Practice -- CHAPTER 8: Contemporary Security Issues -- CHAPTER 9: World Politics: Trade and Investment -- CHAPTER 10: World Politics: Development -- CHAPTER 11: Human Issues: Demographic Trends -- CHAPTER 12: Resource Issues -- CHAPTER 13: Global Governance: International Law and International Organization -- CHAPTER 14: World Politics in Context.</subfield>
  </datafield>
  <datafield tag="520" ind1=" " ind2=" ">
    <subfield code="a">This primary text for the introductory course in international relations follows a progression of history first, issues second and theory third.
</subfield>
  </datafield>
  <datafield tag="590" ind1=" " ind2=" ">
    <subfield code="a">Wessam</subfield>
  </datafield>
  <datafield tag="650" ind1=" " ind2="7">
    <subfield code="a">World politics.</subfield>
    <subfield code="2">BUEsh</subfield>
    <subfield code="9">11141</subfield>
  </datafield>
  <datafield tag="650" ind1=" " ind2="7">
    <subfield code="a">Economic history.</subfield>
    <subfield code="2">BUEsh</subfield>
    <subfield code="9">36878</subfield>
  </datafield>
  <datafield tag="651" ind1=" " ind2=" ">
    <subfield code="2">BUEsh</subfield>
  </datafield>
  <datafield tag="653" ind1=" " ind2=" ">
    <subfield code="b">BUSBOL</subfield>
    <subfield code="c">November2016</subfield>
  </datafield>
  <datafield tag="700" ind1="1" ind2=" ">
    <subfield code="a">Spiegel, Steven L.&#x200F; </subfield>
    <subfield code="9">41647</subfield>
  </datafield>
  <datafield tag="942" ind1=" " ind2=" ">
    <subfield code="2">ddc</subfield>
    <subfield code="e">22</subfield>
    <subfield code="k">327 WOR</subfield>
  </datafield>
  <datafield tag="999" ind1=" " ind2=" ">
    <subfield code="c">22981</subfield>
    <subfield code="d">22953</subfield>
  </datafield>
  <datafield tag="952" ind1=" " ind2=" ">
    <subfield code="0">0</subfield>
    <subfield code="1">0</subfield>
    <subfield code="2">ddc</subfield>
    <subfield code="4">0</subfield>
    <subfield code="7">0</subfield>
    <subfield code="8">Baccah</subfield>
    <subfield code="a">MAIN</subfield>
    <subfield code="b">MAIN</subfield>
    <subfield code="c">1ST</subfield>
    <subfield code="d">2016-11-01</subfield>
    <subfield code="e">Purchase</subfield>
    <subfield code="g">756.00</subfield>
    <subfield code="h">3634</subfield>
    <subfield code="l">1</subfield>
    <subfield code="o">327 WOR</subfield>
    <subfield code="p">000034234</subfield>
    <subfield code="r">2025-07-15 00:00:00</subfield>
    <subfield code="s">2017-12-11</subfield>
    <subfield code="v">945.00</subfield>
    <subfield code="y">BB</subfield>
  </datafield>
</record>
